Statistics for Emily Blunt Filmography

Click here to take the quiz!

General Stats

  • This quiz has been taken 185 times
    (14 since last reset)
  • The average score is 25 of 66

Answer Stats

TypeYearName% Correct
Film2018Mary Poppins Returns
100%
Film2018A Quiet Place
93%
Film2021A Quiet Place Part II
93%
Film2023Oppenheimer
93%
Film2021Jungle Cruise
86%
Film2006The Devil Wears Prada
86%
Film2014Edge of Tomorrow
71%
TV Show2016Saturday Night Live
64%
Film2011The Adjustment Bureau
64%
Film2016The Girl on the Train
64%
TV Show2009The Simpsons
64%
Film2024The Fall Guy
57%
Film2007Charlie Wilson's War
50%
Film2011Gnomeo & Juliet
50%
Film2014Into the Woods
50%
Film2023Pain Hustlers
50%
Film2018Sherlock Gnomes
50%
Film2015Sicario
50%
Film2016The Huntsman: Winter's War
50%
Film2024IF
43%
FilmTBAJungle Cruise 2
43%
Film2012Looper
43%
Film2004My Summer of Love
43%
Theater2002Romeo and Juliet
43%
Film2009The Young Victoria
43%
TV Film2003Boudica
36%
Film2010Gulliver's Travels
36%
TV Show2015Lip Sync Battle
36%
Film2008Sunshine Cleaning
36%
Film2012The Five-Year Engagement
36%
Film2008The Great Buck Howard
36%
Film2007The Jane Austen Book Club
36%
Film2011The Muppets
36%
Film2010The Wolfman
36%
Film2017Animal Crackers
29%
Theater2000Bliss
29%
Film2007Dan in Real Life
29%
TV Mini-Series2005Empire
29%
Commercial2011OPIUM
29%
Film2011Salmon Fishing in the Yemen
29%
Theater2001-2002The Royal Family
29%
Film2014The Wind Rises
29%
Film2020Wild Mountain Thyme
29%
Film2010Wild Target
29%
Film2012Arthur Newman
21%
Radio Play2004Bumps and Bruises
21%
TV Film2006Gideon's Daughter
21%
TV Film2003Henry VIII
21%
Film2017My Little Pony: The Movie
21%
Theater2009Seussical
21%
Commercial2018Subway
21%
Web Series2022The English
21%
Film2003Warrior Queen
21%
Film2011Your Sister's Sister
21%
Short Film2009Curiosity
14%
TV Show2003Foyle's War
14%
Film2006Irresistible
14%
TV Show2004Poirot
14%
Web Series2020Some Good News
14%
Audiobook2010Sum: Forty Tales from the Afterlives
14%
TV Film2005The Strange Case of Sherlock Holmes & Arthur Conan Doyle
14%
Theater2002Vincent in Brixton
14%
Film2007Wind Chill
14%
Documentary Series202460 Minutes
7%
TV Show2023Jeopardy!
7%
Short Film2011On Target with Emily Blunt
7%

Score Distribution

Percentile by Number Answered

Percent of People with Each Score

Your Score History

You have not taken this quiz since the last reset